Science quiz 8th grade - Statistics

General Stats
  • This quiz has been taken 183 times
  • The average score is 23 of 30
Answer Stats
Hint Answer % Correct
H Hydrogen
97%
Zn Zinc
91%
O Oxygen
89%
Na Sodium
89%
Au Gold
88%
K Potassium
88%
Fe Iron
87%
C Carbon
86%
He Helium
86%
Mg Magnesium
85%
Al Aluminium
82%
Ag Silver
81%
Ar Argon
80%
Ca Calcium
80%
Li Lithium
80%
N Nitrogen
80%
Cu Copper
76%
Ne Neon
74%
Cl Chlorine
71%
I Iodine
67%
Pb Lead
66%
Si Silicon
66%
Br Bromine
65%
Ni Nickel
65%
S Sulfur
65%
F Fluorine
64%
Hg Mercury
59%
Mn Manganese
57%
Sn Tin
56%
P Phosphorus
53%
No matching quizzes found
Score Distribution
Percent of People with Each Score
Percentile by Number Answered
Your Score History
You have not taken this quiz